Estimular las inteligencias múltiples : (Registro nro. 21553)

Detalles MARC
000 -Cabecera
Campo de control interno 00528nam a22002057a 4500
005 - Fecha y hora del registro
control field 20260314095440.0
008 - Elementos de Longitud Fija
fixed length control field 260314b |||||||| |||| 00| 0 spa d
041 ## - Idioma
Codigo Idioma ESP
082 ## - DEWEY y NOTACIÓN INTERNA
Dewey 153.9
Notación Interna A62B
100 ## - AUTOR
Autor denominación Antunes, Celso A.
245 ## - TÍTULO DE MATERIAL BIBLIOGRÁFICO
Título Estimular las inteligencias múltiples :
Título paralelo qué son, cómo se manifiestan, cómo funcionan
260 ## - CIUDAD, EDITORIAL, AÑO
Ciudad :
Nombre de la Editorial ,
Año 2002
300 ## - DESCRIPCIÓN
N° Páginas 116 páginas :
Otros detalles ;
Dimensiones 21 cm.
440 ## - MENCIÓN DE SERIE
Título de la Serie ;
650 ## - TEMAS
Temas Generalidades
654 ## - PROGRAMAS
Programa Dpto. de Psicología
700 ## - OTROS AUTORES
Otros autores ;
942 ## - ELEMENTOS DE KOHA
Tipo de documento Libro
Nombre del creador Justo Noguera
Código de catalogador Justo Noguera
Esquema de clasificación Dewey Decimal Classification
Existencias
Codigo completo Registro Colección Copia número Disponibilidad Tipo de préstamo Biblioteca Actual Procedencia (Biblioteca) Ubicacón Fecha Ingreso Tipo de Adquisición Date last seen Total checkouts Price effective from Tipo de Item Estado del Material Fuente de Clasificación Damaged status Withdrawn status
153.9 A62B 1037243 Universidad Católica San Pablo 1 Disponible Disponible Víctor Andrés Belaunde Víctor Andrés Belaunde Planta baja abierta 14/03/2026 Compra 14/03/2026   14/03/2026 Libro Bueno Dewey Decimal Classification